000
00209nam a22000977a 4500
999
_c
15807
_d
15807
003
OSt
008
191021b ||||| |||| 00| 0 eng d
100
_a
Sankara,Kurup G.
_9
4323
245
_a
Meghachaya
942
_c
BK